000 01138nam a22002777a 4500
001 8220
003 FISKH
005 20250903103426.0
008 250903b cb ||||| |||| 00| 0 eng d
020 _a9780916119348
040 _aFISKH
_beng
_cFISKH
_dFISKH
050 _aPE1127.S3 W556
082 _a080
100 _aWilliams, Rozanne Lanczak
245 _aOn the go /
_cWritten by Rozanne Lanczak Williams : Illustrated by Amy Cartwright
260 _aHuntington Beach, CA :
_bCreative Teaching Press, Inc,
_c1994.
300 _a8 pages :
_bcolor illustrations ;
_c16 x 23 cm .
490 _aLearn To Read
505 _aF
520 _aRepetitive, predictable story lines and illustrations that match the text provide maximum support to the emergent reader. Engaging stories promote reading comprehension, and easy and fun activities on the inside back covers extend learning. Great for Reading First, Fluency, Vocabulary, Text Comprehension, and ESL/ELL!
521 8 _a300
_bLexile estimate
521 8 _aF
_bRaz-Plus
700 _aCatwright, Amy
_eIllustrator
942 _2ddc
_cBK
_n0
999 _c8220
_d8220